[Event "Negombo op 2nd"]
[Site "Negombo"]
[Date "2016.08.16"]
[Round "7"]
[White "Nonis, PARR"]
[Black "Attanayake, Chanindi Mewna"]
[Result "1-0"]
[WhiteElo "1584"]
[BlackElo "1152"]
[PlyCount "105"]
[EventDate "2016.08.13"]
[EventType "swiss"]
[EventRounds "9"]
[EventCountry "SRI"]
[SourceTitle "EXT 2019"]
[Source "ChessBase"]
[SourceDate "2018.10.10"]
[SourceVersion "1"]
[SourceVersionDate "2018.10.10"]
[SourceQuality "1"]

1. e4 e5 2. Nf3 Nc6 3. d4 exd4 4. Nxd4 Nf6 5. Nc3 Bb4 6. Nxc6 bxc6 7. Bd3 0-0 8. 0-0 Re8 9. Bg5 Be7 10. Re1 Rb8 11. Rb1 d5 12. exd5 Nxd5 13. Bxe7 Rxe7 14. Rxe7 Qxe7 15. Nxd5 cxd5 16. Qh5 g6 17. Qxd5 Bb7 18. Qa5 a6 19. Re1 Qd6 20. Qe5 Qxe5 21. Rxe5 Kg7 22. Re7 Bd5 23. b3 c6 24. Ra7 Re8 25. f3 Re6 26. Rxa6 Rf6 27. c4 Be6 28. Rxc6 Bd7 29. Rxf6 Kxf6 30. Kf2 Ke5 31. Ke3 Kd6 32. Kd4 f5 33. c5+ Kc6 34. b4 Be6 35. Bc4 Bxc4 36. Kxc4 h5 37. b5+ Kb7 38. Kd5 Kc7 39. Ke6 Kc8 40. Kf6 Kd7 41. Kxg6 Ke6 42. c6 Kd6 43. Kxf5 Kc7 44. a4 Kb6 45. a5+ Kxb5 46. c7 Kxa5 47. c8Q Kb6 48. Ke5 Kb5 49. Kd5 Kb6 50. Qc6+ Ka5 51. Qb7 Ka4 52. Kc4 Ka5 53. Qb5# 1-0

[Event "SRI-chB (Women)"]
[Site "Malabe"]
[Date "2015.06.28"]
[Round "9"]
[White "Abeysinghe, HMH Janandani"]
[Black "Nonis, PARR"]
[Result "1-0"]
[WhiteElo "1444"]
[BlackElo "1488"]
[PlyCount "139"]
[EventDate "2015.05.19"]
[EventType "swiss"]
[EventRounds "10"]
[EventCountry "SRI"]
[SourceTitle "EXT 2016"]
[Source "ChessBase"]
[SourceDate "2015.10.08"]
[SourceVersion "1"]
[SourceVersionDate "2015.10.08"]
[SourceQuality "1"]

1. e4 c5 2. Nf3 d6 3. d4 cxd4 4. Nxd4 Nf6 5. Nc3 g6 6. f3 Bg7 7. Be3 Nc6 8. Qd2 Bd7 9. Bc4 0-0 10. Bb3 Qa5 11. Nde2 Rfc8 12. Bh6 Bh8 13. 0-0-0 Ne5 14. Kb1 Rc5 15. Nd5 Nxd5 16. Qxa5 Rxa5 17. Rxd5 Rxd5 18. Bxd5 Bc6 19. Bxc6 bxc6 20. Bf4 Nc4 21. c3 Rb8 22. b3 Na3+ 23. Kb2 Nb5 24. Be3 c5 25. Kc2 Na3+ 26. Kd3 Nb5 27. c4 Nc7 28. Bd2 Na6 29. Bc3 Nb4+ 30. Bxb4 Rxb4 31. Kc2 a6 32. Rb1 a5 33. a3 Rb7 34. Nc3 Bxc3 35. Kxc3 Kg7 36. b4 axb4+ 37. axb4 cxb4+ 38. Rxb4 Rc7 39. Rb5 Kf6 40. Kd4 Ke6 41. c5 dxc5+ 42. Rxc5 Rxc5 43. Kxc5 Ke5 44. Kc4 f5 45. Kd3 fxe4+ 46. fxe4 g5 47. Ke3 h5 48. h3 h4 49. Kf3 Kd4 50. Kg4 Kxe4 51. Kxg5 e5 52. Kxh4 Kd5 53. g4 e4 54. Kg3 Kd4 55. Kf2 e3+ 56. Ke2 Ke4 57. h4 Kf4 58. g5 Kf5 59. Kxe3 Kg6 60. Kf4 Kg7 61. h5 Kh7 62. Kf5 Kg7 63. g6 Kg8 64. h6 Kf8 65. Kf6 Kg8 66. g7 Kh7 67. Kf7 Kxh6 68. g8Q Kh5 69. Qg3 Kh6 70. Qg6# 1-0

[Event "SRI-chB (Women)"]
[Site "Colombo"]
[Date "2014.03.01"]
[Round "7"]
[White "Maheshika, DMP"]
[Black "Nonis, PARR"]
[Result "1-0"]
[WhiteElo "1690"]
[BlackElo "1416"]
[PlyCount "90"]
[EventDate "2014.02.26"]
[EventType "swiss"]
[EventRounds "10"]
[EventCountry "SRI"]
[SourceTitle "CBM 159 Extra"]
[Source "ChessBase"]
[SourceDate "2014.04.24"]
[SourceVersion "1"]
[SourceVersionDate "2014.04.24"]
[SourceQuality "1"]

1. d4 d5 2. Nf3 Nf6 3. Bf4 Bf5 4. c4 e6 5. Nc3 c6 6. e3 Nbd7 7. h3 h6 8. Be2 Be7 9. 0-0 0-0 10. c5 Ne4 11. Nxe4 Bxe4 12. b4 Bf6 13. Rc1 Re8 14. Nd2 Bh7 15. Nb3 e5 16. Bh2 Qe7 17. Bg4 Nb8 18. Re1 Na6 19. Qd2 Nc7 20. a4 Qd8 21. Na5 Rb8 22. Be2 Qd7 23. Bg4 Bf5 24. Bxf5 Qxf5 25. Qc2 Qxc2 26. Rxc2 Re7 27. dxe5 Bxe5 28. Bxe5 Rxe5 29. Rb1 a6 30. Nb3 Ne6 31. Nd2 b6 32. cxb6 Nd8 33. a5 Re6 34. Nb3 Ra8 35. Nd4 Rf6 36. Rbc1 Rc8 37. Rc3 Rd6 38. R1c2 Kf8 39. Nb3 Nb7 40. Nc5 Nxc5 41. Rxc5 Ke8 42. b5 axb5 43. a6 Rd7 44. Rxc6 Rxc6 45. Rxc6 Rd8 1-0

[Event "SRI-chB (Women)"]
[Site "Colombo"]
[Date "2014.02.27"]
[Round "4"]
[White "Jayathilake, Navoda"]
[Black "Nonis, PARR"]
[Result "1/2-1/2"]
[WhiteElo "1594"]
[BlackElo "1416"]
[PlyCount "54"]
[EventDate "2014.02.26"]
[EventType "swiss"]
[EventRounds "10"]
[EventCountry "SRI"]
[SourceTitle "CBM 159 Extra"]
[Source "ChessBase"]
[SourceDate "2014.04.24"]
[SourceVersion "1"]
[SourceVersionDate "2014.04.24"]
[SourceQuality "1"]

1. e4 c5 2. Nf3 d6 3. h3 Nc6 4. Nc3 Nf6 5. Bc4 e6 6. 0-0 Be7 7. d3 0-0 8. Nh2 a6 9. a4 d5 10. exd5 exd5 11. Bb3 Be6 12. Ne2 Bd6 13. c3 Qc7 14. Nf3 h6 15. d4 c4 16. Bc2 Ne7 17. Be3 Bf5 18. Nh4 Bxc2 19. Qxc2 Ne4 20. f3 Ng3 21. Nxg3 Bxg3 22. Nf5 Bh2+ 23. Kh1 Ng6 24. Qf2 Bf4 25. Bxf4 Qxf4 26. Ne3 Rad8 27. Rae1 Qf6 1/2-1/2

[Event "SRI-chB (Women)"]
[Site "Colombo"]
[Date "2014.02.26"]
[Round "2"]
[White "Nonis, PARR"]
[Black "Yashora, Tiumi"]
[Result "1/2-1/2"]
[WhiteElo "1416"]
[BlackElo "1698"]
[PlyCount "115"]
[EventDate "2014.02.26"]
[EventType "swiss"]
[EventRounds "10"]
[EventCountry "SRI"]
[SourceTitle "CBM 159 Extra"]
[Source "ChessBase"]
[SourceDate "2014.04.24"]
[SourceVersion "1"]
[SourceVersionDate "2014.04.24"]
[SourceQuality "1"]

1. e4 c5 2. Nf3 Nc6 3. d4 cxd4 4. Nxd4 g6 5. Nc3 Bg7 6. Be3 Nf6 7. Bc4 0-0 8. f3 Qb6 9. Bb3 Ng4 10. Nd5 Nxe3 11. Nxb6 Nxd1 12. Nxa8 Nxb2 13. Nxc6 dxc6 14. Rb1 Bc3+ 15. Kf2 Bd7 16. Rxb2 Bxb2 17. Rd1 Bc8 18. h3 b6 19. f4 e5 20. Kf3 exf4 21. Kxf4 g5+ 22. Kxg5 Be5 23. Rd3 Be6 24. Nxb6 axb6 25. Bxe6 fxe6 26. Rd7 Rf7 27. Rd8+ Kg7 28. Re8 h6+ 29. Kg4 Rf6 30. Re7+ Kg6 31. h4 Rf4+ 32. Kh3 Kh5 33. g3 Rxe4 34. Rxe6 Re3 35. Kg2 Rxg3+ 36. Kf2 Bf4 37. Rxc6 Kxh4 38. Rc4 Kg5 39. a4 h5 40. a5 bxa5 41. Rc5+ Kg4 42. Rxa5 Rc3 43. Ra2 h4 44. Rb2 h3 45. Kg1 Rg3+ 46. Kh1 Rg2 47. Rb1 Rh2+ 48. Kg1 Rxc2 49. Rf1 Rc3 50. Kh1 Bg3 51. Kg1 Rc2 52. Kh1 Rh2+ 53. Kg1 Rg2+ 54. Kh1 Bf2 55. Re1 Rg3 56. Rd1 Kf3 57. Rd3+ Be3 58. Rd1 1/2-1/2

[Event "SRI-ch (Women)"]
[Site "Colombo"]
[Date "2013.10.04"]
[Round "8"]
[White "Ranasinghe, Sachini D"]
[Black "Nonis, PARR"]
[Result "1-0"]
[WhiteElo "1867"]
[BlackElo "1396"]
[PlyCount "66"]
[EventDate "2013.09.27"]
[EventType "tourn"]
[EventRounds "13"]
[EventCountry "SRI"]
[SourceTitle "CBM 156 Extra"]
[Source "ChessBase"]
[SourceDate "2013.10.22"]
[SourceVersion "1"]
[SourceVersionDate "2013.10.22"]
[SourceQuality "1"]

1. c4 c5 2. g3 g6 3. Bg2 Bg7 4. Nc3 Nc6 5. Nf3 Nf6 6. 0-0 0-0 7. d3 d6 8. Rb1 Bd7 9. a3 a5 10. Bd2 Rb8 11. Nb5 b6 12. e4 Qc8 13. Re1 Ne8 14. Bc3 Nc7 15. Bxg7 Kxg7 16. Nxc7 Qxc7 17. d4 cxd4 18. Nxd4 Ne5 19. Rc1 Rfc8 20. f4 Nc6 21. Nb5 Qd8 22. Rc2 Kg8 23. Rd2 Be6 24. e5 Bxc4 25. Nc3 d5 26. Nxd5 Bxd5 27. Rxd5 Qe8 28. Rd7 e6 29. Qd6 Nd8 30. Rd1 Qf8 31. h4 Qxd6 32. exd6 Nc6 33. Bxc6 Rxc6 1-0

[Event "SRI-ch (Women)"]
[Site "Colombo"]
[Date "2013.09.29"]
[Round "6"]
[White "Peiris, H Pevinya"]
[Black "Nonis, PARR"]
[Result "1/2-1/2"]
[WhiteElo "1538"]
[BlackElo "1396"]
[PlyCount "40"]
[EventDate "2013.09.27"]
[EventType "tourn"]
[EventRounds "13"]
[EventCountry "SRI"]
[SourceTitle "CBM 156 Extra"]
[Source "ChessBase"]
[SourceDate "2013.10.22"]
[SourceVersion "1"]
[SourceVersionDate "2013.10.22"]
[SourceQuality "1"]

1. e4 c5 2. Nf3 d6 3. c3 Nf6 4. Be2 g6 5. 0-0 Bg7 6. Re1 0-0 7. Bf1 Nc6 8. h3 Qc7 9. d4 cxd4 10. cxd4 Nd7 11. Nc3 Nb6 12. Be3 Qd8 13. Rc1 Bd7 14. a3 Re8 15. b4 a6 16. Qb3 Bc8 17. a4 e6 18. d5 Rf8 19. Qd1 f5 20. Qb3 Kh8 1/2-1/2

[Event "SRI-ch (Women)"]
[Site "Colombo"]
[Date "2013.09.28"]
[Round "3"]
[White "Maheshika, DMP"]
[Black "Nonis, PARR"]
[Result "1/2-1/2"]
[WhiteElo "1712"]
[BlackElo "1396"]
[PlyCount "64"]
[EventDate "2013.09.27"]
[EventType "tourn"]
[EventRounds "13"]
[EventCountry "SRI"]
[SourceTitle "CBM 156 Extra"]
[Source "ChessBase"]
[SourceDate "2013.10.22"]
[SourceVersion "1"]
[SourceVersionDate "2013.10.22"]
[SourceQuality "1"]

1. d4 d5 2. Nf3 Nf6 3. Bf4 Bf5 4. c4 c6 5. Nc3 e6 6. e3 Nbd7 7. Be2 Be7 8. 0-0 0-0 9. h3 h6 10. Qb3 Qb6 11. c5 Qxb3 12. axb3 Rfe8 13. b4 a6 14. Ra2 Rac8 15. Ne5 Nxe5 16. Bxe5 Nd7 17. Bh2 Bf6 18. f4 Bd8 19. Raa1 Bc7 20. Nd1 Bh7 21. Nf2 f6 22. Bg4 Red8 23. Rfe1 Bb8 24. Re2 f5 25. Bf3 Nf6 26. Bg3 Ne4 27. Bh2 Rd7 28. g4 Nxf2 29. Rxf2 Rf8 30. Rg2 g6 31. h4 Rg7 32. Kh1 Kh8 1/2-1/2

[Event "SRI-ch (Women)"]
[Site "Colombo"]
[Date "2013.09.28"]
[Round "4"]
[White "Methmani, Nelunika"]
[Black "Nonis, PARR"]
[Result "1-0"]
[WhiteElo "1630"]
[BlackElo "1396"]
[PlyCount "120"]
[EventDate "2013.09.27"]
[EventType "tourn"]
[EventRounds "13"]
[EventCountry "SRI"]
[SourceTitle "CBM 156 Extra"]
[Source "ChessBase"]
[SourceDate "2013.10.22"]
[SourceVersion "1"]
[SourceVersionDate "2013.10.22"]
[SourceQuality "1"]

1. d4 d5 2. c4 c6 3. e3 Nf6 4. Nf3 e6 5. Nbd2 Nbd7 6. b3 Bd6 7. Bb2 b6 8. Bd3 Bb7 9. 0-0 Qc7 10. Re1 0-0 11. e4 dxe4 12. Nxe4 Nxe4 13. Bxe4 Rfe8 14. Rc1 Qd8 15. a3 Nf6 16. Bb1 Bf8 17. Qc2 g6 18. Rcd1 Bg7 19. b4 Qc7 20. Ne5 Rad8 21. Bc1 Nd7 22. Ng4 h5 23. Nh6+ Bxh6 24. Bxh6 Kh7 25. Bg5 Ra8 26. Qe2 Kg7 27. Qd3 Rg8 28. Rc1 Rad8 29. d5 Qd6 30. dxc6 Qxd3 31. Bxd3 Bxc6 32. f4 Nb8 33. c5 bxc5 34. Rxc5 Rc8 35. Rec1 Bd7 36. Be7 Rxc5 37. Bxc5 a6 38. Bd6 Bb5 39. Bxb5 axb5 40. Be5+ Kh7 41. Rc7 Rf8 42. Rb7 Nc6 43. Rxb5 Ra8 44. Bb2 Kg8 45. Rc5 Ne7 46. Rb5 Nd5 47. g3 Ne3 48. a4 Kf8 49. a5 Nc4 50. Bf6 Nd6 51. Rb6 Ne4 52. Be5 Ke8 53. a6 Nd2 54. Rb8+ Rxb8 55. Bxb8 Nc4 56. Bc7 Kd7 57. a7 Kxc7 58. a8Q Nb6 59. Qa7+ Kc6 60. Qxf7 Kb5 1-0

[Event "SRI-ch (Women)"]
[Site "Colombo"]
[Date "2013.09.27"]
[Round "2"]
[White "Nonis, PARR"]
[Black "Kumari, SCT"]
[Result "1/2-1/2"]
[WhiteElo "1396"]
[BlackElo "1471"]
[PlyCount "55"]
[EventDate "2013.09.27"]
[EventType "tourn"]
[EventRounds "13"]
[EventCountry "SRI"]
[SourceTitle "CBM 156 Extra"]
[Source "ChessBase"]
[SourceDate "2013.10.22"]
[SourceVersion "1"]
[SourceVersionDate "2013.10.22"]
[SourceQuality "1"]

1. e4 e6 2. d4 d5 3. exd5 exd5 4. Bd3 Bd6 5. c3 Be6 6. Nf3 Nc6 7. Qc2 Nge7 8. h3 Qd7 9. Nbd2 h6 10. Nb3 b6 11. Qe2 a5 12. a4 Na7 13. Ne5 Bxe5 14. Qxe5 Bf5 15. Bxf5 Qxf5 16. Qxf5 Nxf5 17. 0-0 0-0 18. Bf4 Rac8 19. Rfe1 Nc6 20. Nd2 Rfd8 21. Nf3 Nfe7 22. Ne5 Nxe5 23. Bxe5 Ng6 24. Bg3 c5 25. dxc5 bxc5 26. Rad1 d4 27. cxd4 cxd4 28. Rd2 1/2-1/2

[Event "World School-ch U13 Girls 8th"]
[Site "Iasi"]
[Date "2012.05.05"]
[Round "8"]
[White "Wickramasinghe, Dilhara Ishini"]
[Black "Nonis, PARR"]
[Result "1-0"]
[WhiteElo "1646"]
[BlackElo "1318"]
[PlyCount "51"]
[EventDate "2012.04.28"]
[EventType "swiss"]
[EventRounds "9"]
[EventCountry "ROU"]
[SourceTitle "EXT 2013"]
[Source "ChessBase"]
[SourceDate "2012.11.22"]
[SourceVersion "1"]
[SourceVersionDate "2012.11.22"]
[SourceQuality "1"]

1. d4 d5 2. c4 e6 3. Nc3 Nf6 4. Nf3 Be7 5. Bg5 Nbd7 6. e3 0-0 7. Bd3 dxc4 8. Bxc4 c5 9. 0-0 a6 10. a3 cxd4 11. Nxd4 Nb6 12. Bd3 h6 13. Bh4 Nfd5 14. Bxe7 Qxe7 15. Nxd5 Nxd5 16. Bc2 Rd8 17. Qe2 e5 18. Nf5 Qf6 19. Ng3 Ne7 20. Rfd1 Rxd1+ 21. Rxd1 Nf5 22. Qd3 g6 23. Qd8+ Kg7 24. Bxf5 gxf5 25. Nh5+ Kh7 26. Nxf6+ 1-0